000 00339nam a22001337a 4500
020 _a0534593208
082 _a150
100 _aWayne Weiten
245 _aConcept charts for study and review to accompany psychology themes and variations
250 _a5th ed.
260 _aAustralia
_bWardsworth
_c2002
300 _a33p
942 _cBK
999 _c2882
_d2882